00931nam a2200181 i 4500001000700000003000900007005001700016008004100033100003100074245025800105260007900363300002200442510002700464611007200491700002900563700001700592852014000609162918ES-MaACL20230906212629.0990903s1882 uy |||| | spa d1 aRamírez, Carlos María.10aInforme acerca del Congreso Pedagógico Internacional Americano de Buenos-Airesb: 1882 / cpresentado a la Comisión Directiva de la "Sociedad de Amigos de la Educación Popular" de Montevideo por Carlos M. Ramírez, Carlos M. de Pena y F.A. Berra. aMontevideo : b[s.n.], c1882 (fImp. y Encuadernación de Rius y Becchi) a168 p. ; c26 cm.4 aPalau, ct. XV, 24667724aCongreso Pedagógico Internacional (n1º. d1882. cBuenos Aires)1 aPena, Carlos María de.1 aBerra, F. A. aES-MaACLjT-451-F-4 z- Enc. hol., falto de cub. original z. - Dedicatoria al Ateneo de A. Gómez Ruano? z- Enc. en un vol. facticio